[Event "IM"]
[Site "Dubna RUS"]
[Date "2007.08.03"]
[Round "3"]
[White "Truskavetsky,A"]
[Black "Kovtunenko,A"]
[Result "1-0"]
[WhiteElo "2392"]
[BlackElo "2293"]

1.d4 Nf6 2.c4 g6 3.Nf3 Bg7 4.Nc3 O-O 5.e4 d6 6.Be2 e5 7.dxe5 dxe5 8.Qxd8 Rxd8
9.Nd5 Nxd5 10.cxd5 c6 11.Bc4 b5 12.Bb3 c5 13.a4 c4 14.Bd1 h6 15.Bd2 f5 16.Bc3 Na6
17.axb5 Nc5 18.Nd2 fxe4 19.O-O Bb7 20.Be2 Bxd5 21.Bxc4 Bxc4 22.Nxc4 Nb3 23.Ra6 Nd4
24.Rxg6 Kh7 25.Rg4 Nxb5 26.Ba5 Rdc8 27.Rxe4 Rc5 28.Bb4 Rd5 29.Rfe1 Nd4 30.Bc3 Rc8
31.Ne3 Rdc5 32.Ng4 Rd5 33.h4 Rcc5 34.h5 a5 35.Ra1 Nb3 36.Ra3 Rb5 37.Ne3 Nd2
38.Rea4 Nb1 39.Nxd5 Nxa3 40.bxa3 Rxd5 41.Rxa5 Rd1+ 42.Kh2 Rd3 43.Bxe5 Bxe5+
44.Rxe5 Rxa3 45.Re7+ Kg8 46.g4 Rb3 47.Kg2 Kf8 48.Re6 Kg7 49.f3 Rb2+ 50.Kg3 Rb3
51.Kf4 Rb4+ 52.Kf5 Rb5+ 53.Re5 Rb7 54.f4 Rf7+ 55.Ke4 Rb7 56.g5 hxg5 57.fxg5 Rb4+
58.Kf5 Rb7 59.h6+ Kh7 60.Kf6 Rb6+ 61.Re6 Rb8 62.Re7+ Kh8 63.g6 Rf8+ 64.Kg5 Ra8
65.Re5 Rg8 66.Rd5 Rc8 67.h7  1-0

[Event "IM"]
[Site "Dubna RUS"]
[Date "2007.08.04"]
[Round "5"]
[White "Gorbatenko,K"]
[Black "Kovtunenko,A"]
[Result "1/2-1/2"]
[WhiteElo "2084"]
[BlackElo "2293"]

1.d4 Nf6 2.Nf3 g6 3.c4 Bg7 4.Nc3 O-O 5.e4 d6 6.Be2 e5 7.d5 Ne8 8.Bg5 f6 9.Bh4 g5
10.Bg3 f5 11.exf5 Bxf5 12.O-O Nd7 13.h4 g4 14.Ng5 h5 15.Bd3 Qf6 16.f3 Qg6
17.Bxf5 Rxf5 18.fxg4 Rxf1+ 19.Qxf1 hxg4 20.Nce4 Nef6 21.Qe2 Bh6 22.Re1 Nxe4
23.Qxe4 Qxe4 24.Nxe4 Bf4 25.Bf2 Rf8 26.g3 Bh6 27.Kg2 b6 28.b4 Kg7 29.c5 bxc5
30.bxc5 dxc5 31.Bxc5 Rb8 32.Bxa7 Rb2+ 33.Bf2 Rxa2 34.Kg1 Ra3 35.Re2 Rd3 36.Rc2 Rxd5
37.Rxc7 Kg6 38.Rc6+ Kf5 39.Nd6+ Kg6 40.Ne4+ Kf5 41.Nd6+ Kg6 42.Ne4+ Kg7 43.Rc7 Kf8
44.Rc6 Bg7 45.h5 Kf7 46.Ng5+ Ke7 47.h6 Bh8 48.Rc8 Kf6 49.Nh7+ Kg6 50.Rxh8 Rd1+
51.Kg2 Kxh6 52.Nf6+ Kg7 53.Nxd7 Kxh8 54.Nxe5 Kg7 55.Nxg4 Kg6 56.Kf3 Kg5 57.Be3+ Kf5
58.Bf4 Rf1+ 59.Nf2 Ra1 60.g4+ Kg6 61.Nd3 Ra3 62.Ke4 Ra4+ 63.Ke5 Ra5+ 64.Ke6 Ra6+
65.Kd5 Ra5+ 66.Nc5 Ra1 67.Ne4 Ra5+ 68.Ke6 Ra4 69.Kd5 Ra5+ 70.Nc5 Ra1 71.Nd7 Rf1
72.Ke4 Re1+ 73.Be3 Re2 74.Ne5+ Kf6 75.g5+ Ke6 76.Nf3 Kf7 77.Nd4 Re1 78.Nf3 Re2
79.Kf4 Ra2 80.Kf5 Ra5+ 81.Ne5+ Kg7 82.Bb6 Ra1 83.Bd8 Rf1+ 84.Ke6 Rg1 85.Bf6+ Kf8
86.g6 Ke8 87.g7 Rg2 88.Nc4 Re2+ 89.Be5 Rg2 90.g8=Q+ Rxg8 91.Bf6 Rg6  1/2-1/2

[Event "Agentura 64 Cup IMB"]
[Site "Olomouc CZE"]
[Date "2007.08.04"]
[Round "5"]
[White "Neerforth,P"]
[Black "Baryshpolets,A"]
[Result "0-1"]
[WhiteElo "2246"]
[BlackElo "2307"]

1.Nf3 Nf6 2.c4 g6 3.Nc3 Bg7 4.e4 d6 5.d4 O-O 6.Be2 e5 7.d5 a5 8.Bg5 h6 9.Bh4 Na6
10.Nd2 Qe8 11.Rb1 Bd7 12.b3 Nh7 13.f3 h5 14.Bf2 Qe7 15.h4 Bh6 16.a3 Nc5 17.Nb5 Bc8
18.Qc2 f5 19.Nc3 Bd7 20.Bd3 Nf6 21.O-O b6 22.b4 axb4 23.axb4 Nxd3 24.Qxd3 Ra3
25.Rb3 Rfa8 26.Rxa3 Rxa3 27.Qc2 Kg7 28.Qb2 Ra8 29.exf5 gxf5 30.Re1 Kh7 31.c5 bxc5
32.bxc5 Rg8 33.Nc4 Qg7 34.Be3 Bxe3+ 35.Nxe3 e4 36.fxe4 Nxe4 37.Ncd1 Nxc5
38.Qd2 f4 39.Nf1 Bh3 40.Re2 f3 41.Rf2 Bxg2 42.Nfe3 Bh3+ 43.Ng2 Bxg2  0-1

[Event "XXII Rapid"]
[Site "Villarrobledo ESP"]
[Date "2007.08.04"]
[Round "4"]
[White "Evdokimov,Alexa"]
[Black "Cheparinov,I"]
[Result "0-1"]
[WhiteElo "2544"]
[BlackElo "2657"]

1.d4 Nf6 2.c4 g6 3.Nc3 Bg7 4.e4 d6 5.Nf3 O-O 6.Be2 e5 7.Be3 Ng4 8.Bg5 f6
9.Bc1 exd4 10.Nxd4 f5 11.h3 Nh6 12.Bxh6 Bxh6 13.exf5 gxf5 14.O-O c6 15.Qc2 Na6
16.Rad1 Qf6 17.Na4 Nc7 18.b4 Bd7 19.Bf3 Rad8 20.b5 c5 21.Ne2 b6 22.Nac3 Kh8
23.Rd3 Be6 24.Nd5 Nxd5 25.Bxd5 Bc8 26.Qc3 Qxc3 27.Nxc3 f4 28.Re1 Bg7 29.Ne4 Bd4
30.Ng5 Rde8 31.Rdd1 Kg7 32.Bc6 Rxe1+ 33.Rxe1 Be5 34.Rd1 Bf5 35.Be4 Kg6 36.Bxf5+ Kxf5
37.Nf3 a6 38.a4 axb5 39.axb5 Ra8 40.Kf1 Ra4 41.Rc1 Ra2 42.Ke1 Ke4 43.Rd1 Bc3+
44.Kf1 Bd4 45.Nxd4 cxd4 46.Re1+ Kd3 47.g4 Kxc4 48.Re6 Kd5 49.Re7 d3 50.Ke1 Kd4
51.Rd7 Re2+ 52.Kd1 d5 53.Rxh7 Rxf2 54.g5 Rg2 55.h4 f3 56.Rf7 f2 57.g6 Rg1+
58.Kd2 f1=Q 59.Rxf1 Rxf1 60.h5 Rf2+ 61.Ke1 Rg2  0-1

[Event "Open"]
[Site "Dubna RUS"]
[Date "2007.08.05"]
[Round "3"]
[White "Volkov,E"]
[Black "Umansky,Vl"]
[Result "1/2-1/2"]
[WhiteElo "2184"]
[BlackElo "2343"]

1.d4 Nf6 2.c4 g6 3.Nc3 Bg7 4.Nf3 O-O 5.e4 d6 6.Be2 Na6 7.O-O e5 8.Be3 Ng4
9.Bg5 f6 10.Bh4 g5 11.Bg3 Nh6 12.d5 f5 13.exf5 Nc5 14.h4 gxh4 15.Bxh4 Bf6
16.Bxf6 Qxf6 17.b4 e4 18.Nd4 Nxf5 19.Ncb5 Nh4 20.g3 Qg7 21.bxc5 dxc5 22.Ne6 Bxe6
23.dxe6 e3 24.Bg4 exf2+ 25.Kh2 Qh6 26.Bh3 Nf3+ 27.Kg2 Rad8 28.Qe2 Rd2 29.Qe4 Ne1+
30.Kh2 Nf3+  1/2-1/2

[Event "Open"]
[Site "Kavala GRE"]
[Date "2007.08.05"]
[Round "1"]
[White "Halkias,S"]
[Black "Pavlidis,Ana"]
[Result "1-0"]
[WhiteElo "2580"]
[BlackElo "2182"]

1.Nf3 Nf6 2.c4 g6 3.Nc3 Bg7 4.d4 O-O 5.e4 d6 6.Be2 e5 7.Be3 Ng4 8.Bg5 f6
9.Bh4 g5 10.Bg3 Nh6 11.dxe5 dxe5 12.c5 Be6 13.O-O Nd7 14.b4 a5 15.a3 axb4
16.axb4 Rxa1 17.Qxa1 f5 18.h4 f4 19.Nxg5 Bf7 20.Bh2 Bf6 21.Qd1 Kh8 22.g3 Bxg5
23.hxg5 Qxg5 24.Qxd7 Bh5 25.Bxh5 Qxh5 26.f3 Rg8 27.Ne2 fxg3 28.Bxg3 Qg5 29.Kf2 Rf8
30.Rg1 Qf6 31.Ke1 Nf7 32.Qf5  1-0

[Event "Valoz Cup GMA"]
[Site "Olomouc CZE"]
[Date "2007.08.05"]
[Round "6"]
[White "Sulypa,A"]
[Black "Vorobiov,E"]
[Result "1/2-1/2"]
[WhiteElo "2478"]
[BlackElo "2572"]

1.d4 Nf6 2.c4 d6 3.Nf3 g6 4.Nc3 Bg7 5.e4 O-O 6.Be2 Nbd7 7.O-O e5 8.Re1 c6
9.Bf1 exd4 10.Nxd4 Re8 11.Bf4 Ne5 12.h3 Qb6 13.Rb1  1/2-1/2

[Event "Proclient Cup IMA"]
[Site "Olomouc CZE"]
[Date "2007.08.05"]
[Round "6"]
[White "Wiley,To"]
[Black "Musil,Vi"]
[Result "1-0"]
[WhiteElo "2318"]
[BlackElo "2082"]

1.d4 Nf6 2.c4 g6 3.Nc3 Bg7 4.e4 d6 5.Nf3 O-O 6.Be2 e5 7.d5 Na6 8.Nd2 c5 9.h4 h5
10.Nf1 Nc7 11.a3 a6 12.b4 b5 13.bxc5 dxc5 14.f3 bxc4 15.a4 Nce8 16.Ne3 Nd6
17.Nxc4 Nxc4 18.Bxc4 Ne8 19.Be3 Qa5 20.Qd2 Nd6 21.Be2 Bd7 22.O-O f5 23.Rfc1 Rfc8
24.Rab1 Qd8 25.Qe1 Kh7 26.Bd3 Bf6 27.Bf2 c4 28.Bc2 Rab8 29.Nd1 Bg7 30.Ba7 Rxb1
31.Rxb1 fxe4 32.fxe4 Bf6 33.Bf2 Rb8 34.Rxb8 Qxb8 35.Qc3 Qd8 36.Bg3 Bxh4 37.Bxe5 Nf7
38.Bd4 Bg4 39.Ne3 Qg5 40.Nf1 Be2 41.Qd2 Qxd2 42.Nxd2 Bg3 43.Nf3 Bxf3 44.gxf3 Kg8
45.Kg2 h4 46.Bd1 g5 47.Be2 Be5 48.Be3 c3 49.Bxa6 Kf8 50.Bd3 Bc7 51.Bd4 Ba5
52.e5 Ke7 53.Bc5+ Kd8 54.e6  1-0

[Event "Scandinavian Chess Tournament"]
[Site "Taby SWE"]
[Date "2007.08.05"]
[Round "2"]
[White "Kockum,A"]
[Black "Orndahl,Mar"]
[Result "1-0"]
[WhiteElo "2200"]
[BlackElo "2078"]

1.d4 Nf6 2.Nf3 g6 3.c4 Bg7 4.Nc3 O-O 5.e4 d6 6.Be2 e5 7.O-O exd4 8.Nxd4 Re8
9.f3 c6 10.Nc2 Na6 11.Be3 Nc7 12.Qd2 d5 13.Rad1 Be6 14.cxd5 cxd5 15.e5 Nd7
16.f4 f6 17.exf6 Nxf6 18.Bd4 a6 19.Ne3 Qe7 20.g4 Rad8 21.f5 gxf5 22.gxf5 Bf7
23.Rf3 Bh5 24.Rg3 Bxe2 25.Qxe2 Kh8 26.Kh1 Rg8 27.Rdg1 Nb5 28.Nxb5 axb5 29.Qf3 Qf7
30.Rxg7 Rxg7 31.Rxg7 Kxg7 32.Ng4 Rc8 33.Bxf6+ Kf8 34.Qa3+ Ke8 35.Qe3+ Kf8
36.Ne5 Qh5 37.Nd7+ Kg8 38.Qg3+ Kf7 39.Qg7+  1-0

[Event "Scandinavian Chess Tournament"]
[Site "Taby SWE"]
[Date "2007.08.05"]
[Round "2"]
[White "Astrom,R"]
[Black "Vanderhallen,N"]
[Result "1-0"]
[WhiteElo "2427"]
[BlackElo "2228"]

1.d4 Nf6 2.Nf3 g6 3.c4 Bg7 4.Nc3 d6 5.e4 O-O 6.Be2 e5 7.Be3 Ng4 8.Bg5 f6
9.Bh4 g5 10.Bg3 Nh6 11.dxe5 fxe5 12.h4 Nf7 13.Nxg5 Nxg5 14.hxg5 Qxg5 15.Nd5 Na6
16.Rh5 Qd8 17.Bh4 Qe8 18.Ne7+ Kh8 19.Rxh7+ Kxh7 20.Bh5 Rf4 21.Bxe8 Rxh4 22.Kd2 Bg4
23.f3 Rxe8 24.Ke1 Ra8 25.Qd5 Bc8 26.Ke2  1-0

[Event "ch-AUT"]
[Site "Tweng AUT"]
[Date "2007.08.05"]
[Round "2"]
[White "Pilaj,H"]
[Black "Wittmann,W"]
[Result "1/2-1/2"]
[WhiteElo "2388"]
[BlackElo "2313"]

1.d4 Nf6 2.c4 g6 3.Nc3 Bg7 4.e4 d6 5.Nf3 O-O 6.Be2 e5 7.O-O Na6 8.Be3 c6
9.Re1 Ng4 10.Bg5 f6 11.Bc1 Nh6 12.h3 Re8 13.Bf1 Nf7 14.a3 exd4 15.Nxd4 Nc5
16.b4 Ne6 17.Be3 f5 18.Rc1 Qf6 19.Nxe6 Bxe6 20.exf5 Bxf5 21.Qd2 h5 22.Red1 g5
23.Bd4 Ne5 24.Be3 Nf7 25.Bd4 Ne5 26.Be3 Nf7  1/2-1/2

[Event "Open"]
[Site "Dubna RUS"]
[Date "2007.08.06"]
[Round "4"]
[White "Shamchuk,L"]
[Black "Skliarov,D"]
[Result "0-1"]
[WhiteElo "2383"]
[BlackElo "2335"]

1.Nf3 Nf6 2.c4 g6 3.Nc3 Bg7 4.e4 d6 5.d4 O-O 6.Be2 e5 7.Bg5 h6 8.Bh4 exd4
9.Nxd4 Re8 10.f3 c6 11.O-O Qb6 12.Bf2 Qxb2 13.Rc1 Nh5 14.Re1 Na6 15.Bf1 Qa3
16.g3 Qa5 17.f4 Nc5 18.Qf3 Ne6 19.Nb3 Qb4 20.Nb1 Nf6 21.h3 Nd7 22.h4 Nec5
23.Nd4 Nf6 24.Nc2 Qb6 25.Nc3 Bg4 26.Qg2 Qa5 27.Nd4 Re7 28.Nb3 Nxb3 29.axb3 Nd7
30.Nd1 Nc5 31.Ne3 Bd7 32.Nc2 Nxb3 33.Rb1 Nc5 34.e5 Bf5 35.Ra1 Qb6 36.Nd4 Bg4
37.exd6 Rxe1 38.Rxe1 Rd8 39.Nb3 Qxb3 40.Bxc5 b6 41.Re3 Qb1 42.d7 Rxd7 43.Re8+ Kh7
44.Be3 Rd1 45.Bf2 Be6 46.h5 Bxc4 47.hxg6+ fxg6 48.Kh1 Bd5  0-1

[Event "ch-AUT"]
[Site "Tweng AUT"]
[Date "2007.08.06"]
[Round "3"]
[White "Baumegger,S"]
[Black "Danner,G"]
[Result "1-0"]
[WhiteElo "2434"]
[BlackElo "2426"]

1.d4 Nf6 2.c4 g6 3.Nc3 Bg7 4.e4 d6 5.Nf3 O-O 6.Be2 e5 7.O-O Nh5 8.g3 c6 9.Re1 Na6
10.d5 Bf6 11.Rb1 c5 12.h4 Be7 13.Bh6 Ng7 14.Kg2 f5 15.Ng5 Nc7 16.a3 Bd7 17.b4 b6
18.bxc5 bxc5 19.Rb7 Bc8 20.Rb2 Qd7 21.Kg1 f4 22.Qa4 Qd8 23.Reb1 Nce8 24.Qc6 Bd7
25.Qxa8 Qxa8 26.Rb8 Nf6 27.Rxa8 Rxa8 28.gxf4 exf4 29.Rb7 Bf8 30.Nb5 a5 31.Bxg7 Kxg7
32.Ne6+ Kg8 33.Nxf8 Bxb5 34.Nxh7 Nxh7 35.cxb5 Nf6 36.b6 Kf8 37.Bb5 c4 38.Rc7 Ne8
39.Bxe8  1-0

[Event "Open"]
[Site "Dubna RUS"]
[Date "2007.08.07"]
[Round "6"]
[White "Kostin,K"]
[Black "Nozdrachev,L"]
[Result "1-0"]
[WhiteElo "2259"]
[BlackElo "2195"]

1.c4 Nf6 2.Nf3 g6 3.Nc3 Bg7 4.e4 O-O 5.d4 d6 6.Be2 e5 7.O-O exd4 8.Nxd4 Re8
9.f3 Nh5 10.Rf2 Nc6 11.Be3 Be5 12.g3 Nxg3 13.hxg3 Bxg3 14.Rg2 Qh4 15.Bf1 Bh3
16.Qd2 Bxg2 17.Qxg2 Ne5 18.Nce2 Nxc4 19.Qxg3 Qxg3+ 20.Nxg3 Nxe3 21.Bd3 d5
22.Kf2 Nc4 23.Bxc4 dxc4 24.Rc1 c5 25.Nb5 Rad8 26.Nf1 Re5 27.Na3 b5 28.Nxb5 Rb8
29.a4 a6 30.Nd6 Rxb2+ 31.Ke3 Rb4 32.Nxc4 Rg5 33.a5 Rg2 34.Nfd2 h5 35.Kf4 h4
36.Rh1 f5 37.Ke5 fxe4 38.fxe4 g5 39.Kf5 Rb7 40.e5 Kf8 41.Ne4 Rb4 42.Ncd6 Ke7
43.Nxg5 Rxg5+ 44.Kxg5 Ke6 45.Re1 h3 46.Ne8 Rb7 47.Kg6 h2 48.Ng7+ Ke7 49.e6 h1=Q
50.Nf5+  1-0

[Event "Open"]
[Site "Olomouc CZE"]
[Date "2007.08.07"]
[Round "7"]
[White "Maslak,A"]
[Black "Jurcik,Mart"]
[Result "1/2-1/2"]
[WhiteElo "2195"]
[BlackElo "2324"]

1.d4 Nf6 2.c4 g6 3.Nc3 Bg7 4.e4 d6 5.Be2 O-O 6.Nf3 Nbd7 7.O-O e5 8.Be3 Ng4
9.Bg5 f6 10.Bh4 Nh6 11.Qd2 Nf7 12.dxe5 dxe5 13.b4 Re8 14.Rfd1 c6 15.c5 Qe7
16.Bc4 Nf8 17.Qd6 Bg4 18.Qxe7 Rxe7 19.Rd3 Ne6 20.h3 Bxf3 21.Bxe6 Rxe6 22.Rxf3 Rd8
23.Rd1  1/2-1/2

[Event "Petrovskaya Ladya IM1"]
[Site "Peterhof RUS"]
[Date "2007.08.07"]
[Round "2"]
[White "Kaliberda,V"]
[Black "Bets,A"]
[Result "1/2-1/2"]
[WhiteElo "2337"]
[BlackElo "2348"]

1.d4 Nf6 2.Nf3 g6 3.c4 Bg7 4.Nc3 O-O 5.e4 d6 6.Be2 e5 7.dxe5 dxe5 8.Qxd8 Rxd8
9.Bg5 Re8 10.Nd5 Nxd5 11.cxd5 c6 12.Bc4 b5 13.Bb3 Bb7 14.Rd1 h6  1/2-1/2

[Event "12th WY U16 Ol"]
[Site "Singapore SIN"]
[Date "2007.08.07"]
[Round "4"]
[White "Ton That Nhu Tung"]
[Black "Lehmann,Mar"]
[Result "1/2-1/2"]
[WhiteElo "2247"]
[BlackElo "2279"]

1.d4 Nf6 2.c4 g6 3.Nc3 Bg7 4.e4 d6 5.Nf3 O-O 6.Be2 e5 7.Be3 Na6 8.dxe5 dxe5
9.O-O Ng4 10.Bg5 f6 11.h3 fxg5 12.hxg4 h6 13.Nd2 c6 14.Nb3 Qe7 15.Qd2 Be6
16.Qe3 Rfd8 17.Rfd1 Rxd1+ 18.Rxd1 Qb4 19.Rd2 Bf8 20.Qg3 Bg7 21.Qe3 Bf8 22.Qg3 Bg7  1/2-1/2

[Event "12th WY U16 Ol"]
[Site "Singapore SIN"]
[Date "2007.08.07"]
[Round "5"]
[White "Rosenthal,Jon"]
[Black "Chan Yi Ren,D"]
[Result "1-0"]
[WhiteElo "2148"]
[BlackElo "2109"]

1.d4 Nf6 2.c4 d6 3.Nf3 g6 4.Nc3 Bg7 5.e4 O-O 6.Be2 Nbd7 7.O-O e5 8.Re1 exd4
9.Nxd4 Nc5 10.Bf1 Ne6 11.Nc2 Re8 12.Be3 Nh5 13.Qd2 Bd7 14.f3 g5 15.Rad1 Qf6
16.Qc1 Qg6 17.Nd4 Nef4 18.g4 Bxd4 19.Bxd4 Ng7 20.Nd5 Nxd5 21.cxd5 Rac8 22.Qd2 c5
23.dxc6 Bxc6 24.Bxa7 Ne6 25.b4 Ba4 26.Rc1 Qf6 27.Qf2 Nf4 28.Bd4 Qh6 29.Ba1 Ne6
30.Qd2 Kf8 31.Rxc8  1-0

[Event "ch-AUT"]
[Site "Tweng AUT"]
[Date "2007.08.07"]
[Round "4"]
[White "Genser,H"]
[Black "Neumeier,K"]
[Result "1-0"]
[WhiteElo "2347"]
[BlackElo "2263"]

1.d4 Nf6 2.c4 g6 3.Nc3 Bg7 4.e4 d6 5.Nf3 O-O 6.Be2 e5 7.O-O Na6 8.Be3 Ng4
9.Bg5 Qe8 10.dxe5 dxe5 11.Nd2 f6 12.Bh4 h5 13.a3 Nc5 14.b4 Ne6 15.Bxg4 hxg4
16.Qxg4 Nd4 17.Qd1 g5 18.Bg3 Be6 19.Nd5 Qf7 20.Nb3 c6 21.Nxd4 exd4 22.Nc7 Bxc4
23.Nxa8 Bxf1 24.Kxf1 Rxa8 25.Qxd4 Re8 26.f4 gxf4 27.Bxf4 Rxe4 28.Qxe4 f5
29.Qd3 Bxa1 30.Qd8+ Kg7 31.Qg5+ Kh7 32.Qh4+ Kg8 33.Qg3+ Kh7 34.Qd3 Kg8 35.h3 a6
36.a4 Bg7 37.Kg1 Ba1 38.Qg3+ Kh7 39.Be5 Bxe5 40.Qxe5 Qd7 41.a5 Kg6 42.Qg3+ Kh5
43.Qc3 Qe7 44.Qd4 Qe1+ 45.Kh2 Qe7 46.g4+ fxg4 47.Qxg4+ Kh6 48.Qf4+ Kh5 49.Kg2 Qg7+
50.Kh2 Qe7 51.Qc4 Qg7 52.Qc5+ Kh4 53.Qf2+ Kh5 54.Qf5+ Kh4 55.Qf4+ Kh5 56.Kh1 Qg6
57.Kh2 Qg7 58.Qe4 Qc3 59.Qg4+ Kh6 60.Qh4+  1-0

[Event "HZ Open"]
[Site "Vlissingen NED"]
[Date "2007.08.07"]
[Round "5"]
[White "D'Costa,L"]
[Black "Sijpkens,M"]
[Result "1-0"]
[WhiteElo "2384"]
[BlackElo "2174"]

1.Nf3 Nf6 2.c4 g6 3.Nc3 Bg7 4.e4 d6 5.d4 O-O 6.Be2 e5 7.Be3 Nc6 8.d5 Ne7
9.Nd2 Ne8 10.b4 f5 11.f3 a5 12.a3 fxe4 13.fxe4 Nf6 14.O-O Bd7 15.c5 Nc8 16.Nc4 b6
17.c6 Be8 18.bxa5 bxa5 19.Qd2 Qe7 20.Rab1 Rf7 21.Qb2 Qd8 22.Qb7 Ne7 23.Ba7 Qc8
24.Rb5 Nh5 25.Rxf7 Bxf7 26.Bb8 Qxb7 27.Rxb7 Nf4 28.Bf1 Nexd5 29.Nxd5 Nxd5
30.exd5 Bxd5 31.Bxc7 e4 32.Nxa5 Bd4+ 33.Kh1 Be6 34.Rb8+ Rxb8 35.Bxb8 d5 36.Nb3 Bb6
37.Be5 Bc8 38.a4 Kf7 39.a5 Ba7 40.Bd4 e3 41.Bxa7  1-0

[Event "Open"]
[Site "Dubna RUS"]
[Date "2007.08.08"]
[Round "8"]
[White "Arakelov,I"]
[Black "Orlinkov,M"]
[Result "1/2-1/2"]
[WhiteElo "2389"]
[BlackElo "2388"]

1.d4 Nf6 2.c4 g6 3.Nc3 Bg7 4.e4 d6 5.Nf3 O-O 6.Be2 e5 7.O-O Nh5 8.dxe5 dxe5
9.Qxd8 Rxd8 10.Nd5 Na6 11.Bg5 f6 12.Be3 Kf7 13.Rfd1 c6 14.Nc3  1/2-1/2

[Event "Open"]
[Site "Dubna RUS"]
[Date "2007.08.08"]
[Round "8"]
[White "Gulkov,I"]
[Black "Zasypkin,Alexe"]
[Result "1/2-1/2"]
[WhiteElo "2355"]
[BlackElo "2103"]

1.Nf3 Nf6 2.c4 g6 3.Nc3 Bg7 4.e4 d6 5.d4 O-O 6.Be2 e5 7.Be3 Nc6 8.d5 Ne7
9.Nd2 Nd7 10.b4 f5 11.f3 fxe4 12.fxe4 c5 13.Nb5 b6 14.Nb3 Nf6 15.bxc5 Nxe4
16.Nxd6 Nxd6 17.cxd6 Nf5 18.Bf2 e4 19.O-O e3 20.Be1 Qxd6 21.Rc1 Be5 22.g3 Bb7
23.Qd3 h5 24.Bxh5 Nxg3 25.Bxg3 Bxg3 26.Qxg6+ Qxg6 27.Bxg6 Rxf1+ 28.Kxf1 Bxh2
29.Ke2  1/2-1/2

[Event "IM"]
[Site "Dubna RUS"]
[Date "2007.08.08"]
[Round "12"]
[White "Gorbatenko,K"]
[Black "Severiukhina,Z"]
[Result "1-0"]
[WhiteElo "2084"]
[BlackElo "2267"]

1.d4 Nf6 2.Nf3 g6 3.c4 Bg7 4.Nc3 O-O 5.e4 d6 6.Be2 e5 7.d5 a5 8.Bg5 Na6 9.Nd2 h6
10.Bh4 Qe8 11.O-O Nh7 12.a3 Bd7 13.Rb1 h5 14.f3 Bh6 15.b4 Be3+ 16.Bf2 Bxf2+
17.Rxf2 axb4 18.axb4 b6 19.Bd3 Qe7 20.Qe2 Nb8 21.Rff1 Nf6 22.b5 h4 23.Qe3 Nh5
24.Ne2 Bc8 25.Ra1 Rxa1 26.Rxa1 Nd7 27.Nb3 Kg7 28.Ra7 Qd8 29.Bc2 Ndf6 30.Qg5 Rh8
31.Nbc1 Kg8 32.Nd3 Ng7 33.Ra8 Rh5 34.Qe3 Kh7 35.Nb4 Nfe8 36.Nc6 Qd7 37.Na7 f5
38.Nxc8 f4 39.Qf2 h3 40.g4 fxg3 41.Nxg3 Rh4 42.Na7 Rf4 43.Nc6 Qf7 44.Bd1 Nf6
45.Nb4 Ngh5 46.Nd3 Rh4 47.Kh1 Nf4 48.Nxf4 Rxf4 49.Qf1 Rh4 50.Qd3 Kg7 51.Bc2 Rf4
52.Ra1  1-0

[Event "XVIII Kochan Mem"]
[Site "Koszalin POL"]
[Date "2007.08.08"]
[Round "4"]
[White "Shishkin,Va UKR"]
[Black "Kanarek,M"]
[Result "1-0"]
[WhiteElo "2543"]
[BlackElo "2226"]

1.d4 Nf6 2.c4 g6 3.Nc3 Bg7 4.e4 d6 5.Be2 O-O 6.Nf3 e5 7.Be3 exd4 8.Nxd4 Re8
9.f3 c6 10.Bf2 d5 11.exd5 cxd5 12.O-O Nc6 13.c5 Nh5 14.Qd2 Be5 15.g3 Ng7
16.Rfd1 Ne6 17.Ndb5 a6 18.Nd6 Bxd6 19.cxd6 d4 20.Nd5 Kg7 21.f4 Qxd6 22.Bf3 Bd7
23.g4 f6 24.Bg3 Nc5 25.f5 Ne5 26.Bg2 gxf5 27.Qxd4 fxg4 28.Rf1 Re6 29.Rxf6 Rae8
30.Rxe6 Rxe6 31.Re1 Nd3 32.Re3 Bb5 33.Bf1 Ne1 34.Rxe1  1-0

[Event "5th Staunton Mem"]
[Site "London ENG"]
[Date "2007.08.08"]
[Round "2"]
[White "Van Wely,L"]
[Black "McNab,C"]
[Result "1-0"]
[WhiteElo "2680"]
[BlackElo "2416"]

1.d4 d6 2.Nf3 g6 3.c4 Bg7 4.Nc3 Nd7 5.e4 e5 6.Be2 Ngf6 7.O-O O-O 8.Qc2 c6
9.d5 Qc7 10.Be3 Ng4 11.Bd2 f5 12.exf5 gxf5 13.Ng5 Ndf6 14.h3 Nh6 15.Rad1 Kh8
16.Bc1 cxd5 17.Nxd5 Nxd5 18.Rxd5 Rg8 19.Rfd1 Bf8 20.c5 f4 21.h4 Nf5 22.Qe4 dxc5
23.Rxe5 h6 24.Rxf5 hxg5 25.Rxg5 Rxg5 26.hxg5 Qe7 27.Bf3 Qxe4 28.Bxe4 Bg4
29.f3 Be6 30.Bxf4 Bxa2 31.Be5+  1-0

[Event "Scandinavian Chess Tournament"]
[Site "Taby SWE"]
[Date "2007.08.08"]
[Round "7"]
[White "Evertsson,L"]
[Black "Hallerod,R"]
[Result "1-0"]
[WhiteElo "2208"]
[BlackElo "2160"]

1.Nf3 Nf6 2.c4 g6 3.Nc3 Bg7 4.d4 O-O 5.e4 d6 6.Be2 e5 7.Bg5 h6 8.dxe5 hxg5
9.exf6 Bxf6 10.Qd2 Bg4 11.Nd5 Bxf3 12.gxf3 Bg7 13.O-O-O Nc6 14.f4 gxf4 15.h4 Nd4
16.Bg4 f3 17.Qe3 c6 18.Rxd4 Bxd4 19.Qxd4 cxd5 20.exd5 f5 21.Bxf3 Qf6 22.Qf4 Rf7
23.Rg1 Rg7 24.Kc2 Rc8 25.b3 b5 26.Be2 Qe5 27.Qxe5 dxe5 28.Kc3 a5 29.Rg5 b4+
30.Kd3 Kf7 31.Ke3 Kf6 32.f4 Re8 33.Bf3 Rh7 34.h5 gxh5 35.c5 h4 36.d6 e4 37.Be2 Rd8
38.Rg2 h3 39.Rh2 Rg8 40.c6 Rg3+ 41.Kd4 Rg2 42.c7 Rg8 43.Kd5 Rhh8 44.Kc6 Rf8
45.Ba6 e3 46.d7  1-0

[Event "HZ Open"]
[Site "Vlissingen NED"]
[Date "2007.08.08"]
[Round "6"]
[White "Lacrosse,M"]
[Black "Nijs,N"]
[Result "1/2-1/2"]
[WhiteElo "2301"]
[BlackElo "2065"]

1.d4 Nf6 2.c4 g6 3.Nc3 Bg7 4.e4 d6 5.Nf3 O-O 6.Be2 e5 7.dxe5 dxe5 8.Qxd8 Rxd8
9.Bg5 Re8 10.Nd5 Nxd5 11.cxd5 c6 12.Bc4 cxd5 13.Bxd5 Nd7 14.Nd2 Nc5 15.Nc4 Bf8
16.Rd1 Be6 17.f3 Rac8 18.b3 Kg7 19.O-O f6 20.Be3 b6 21.Rd2 Rc7 22.Rfd1 Kf7
23.Kf1 Be7 24.Ke2 Rec8 25.g4 g5 26.h4 h6 27.hxg5 hxg5 28.Rh1 b5 29.Rh7+ Kg6
30.Bxc5 Kxh7 31.Bxe6 Bxc5 32.Bxc8 Rxc8 33.Nd6 Bxd6 34.Rxd6 Kg6 35.Ra6 Rc7
36.Kd2 b4 37.Ra4 Rc3 38.Rxb4 Rxf3 39.Ra4 Rf4 40.Kd3 Rxg4 41.Rxa7 Rf4 42.Ra8 Kg7
43.Rc8 g4 44.Rc1 f5 45.exf5 Kf6 46.a4 Kxf5 47.a5 Rb4 48.Kc3 Rb8 49.Rf1+ Ke4
50.b4 g3 51.Re1+ Kd5 52.Rd1+ Kc6 53.Kc4 g2 54.Rg1 Rg8 55.b5+ Kb7 56.Kd5 e4
57.Kxe4 Rg5 58.a6+ Ka7  1/2-1/2

[Event "Open"]
[Site "Callao PER"]
[Date "2007.08.09"]
[Round "2"]
[White "Pacheco,M"]
[Black "Mamani,U"]
[Result "1-0"]
[WhiteElo "2405"]
[BlackElo "2153"]

1.d4 Nf6 2.c4 g6 3.Nc3 Bg7 4.e4 d6 5.Nf3 O-O 6.Be2 e5 7.d5 a5 8.Bg5 h6 9.Bh4 Na6
10.Nd2 Bd7 11.O-O Qe8 12.a3 Nh7 13.f3 f5 14.Rb1 a4 15.Nb5 Bxb5 16.cxb5 Nc5
17.Bf2 b6 18.Rc1 Nf6 19.Rc4 Nfd7 20.Nb1 Ra7 21.Nc3 Qa8 22.Bd3 Nxd3 23.Qxd3 Nc5
24.Bxc5 bxc5 25.Qc2 fxe4 26.Rxe4 Kh7 27.Rg4 Qe8 28.Re1 h5 29.Rxa4 Rxa4 30.Qxa4 Bh6
31.Ne4 Qf7 32.Qd1 g5 33.a4 Qd7 34.Qd3 Kh8 35.a5 g4 36.fxg4 Qxg4 37.a6 Rg8
38.Qe2 Be3+ 39.Kh1 Qxe4 40.Qxh5+ Kg7 41.Qh3 Rf8 42.a7 c4 43.Qg3+ Kh6 44.h3 Bf4
45.Qh4+  1-0

[Event "Open"]
[Site "Dubna RUS"]
[Date "2007.08.09"]
[Round "10"]
[White "Shamchuk,L"]
[Black "Nozdrachev,L"]
[Result "1-0"]
[WhiteElo "2383"]
[BlackElo "2195"]

1.Nf3 Nf6 2.c4 g6 3.Nc3 Bg7 4.e4 O-O 5.Be2 d6 6.d4 e5 7.O-O exd4 8.Nxd4 Re8
9.f3 Nc6 10.Be3 Nh5 11.Nxc6 bxc6 12.Qd2 Rb8 13.Rad1 Qh4 14.Rf2 Be5 15.g4 Ng7
16.Bg5 Qh3 17.Bf1 Bxh2+ 18.Rxh2 Qxf3 19.Be2 Qg3+ 20.Rg2 Qh3 21.Rf1 h6 22.Rf3 Qxg2+
23.Kxg2 hxg5 24.Qxg5 Rxb2 25.Rh3 Re5 26.Qd8+ Re8 27.Qh4 f6 28.Qxf6 Bxg4 29.Re3 Bh5
30.Kg1 Rf8 31.Qg5 Ne6 32.Qh6 Rf7 33.Rg3 Bxe2 34.Rxg6+ Ng7 35.Rg2 Rc2 36.Nxe2 Rxa2
37.c5 Ra1+ 38.Kh2 Raf1 39.cxd6 cxd6 40.Qxd6 R1f6 41.Qg3 Re6 42.e5 Rfe7 43.Qb3 Kh7
44.Qd3+ Kg8 45.Qc4 Kh7 46.Qe4+ Kg8 47.Rg5 Rh6+ 48.Kg1 Kf7 49.Nd4 Ke8 50.Nxc6 Rc7
51.Nd4 Kf8 52.e6 Re7 53.Qf3+ Kg8 54.Nf5 Rhxe6 55.Nxe7+ Rxe7 56.Qf6 Rf7 57.Qd8+ Rf8
58.Qd5+ Kh7 59.Qd7  1-0

[Event "IM"]
[Site "Dubna RUS"]
[Date "2007.08.09"]
[Round "13"]
[White "Savina,A"]
[Black "Gorbatenko,K"]
[Result "1-0"]
[WhiteElo "2209"]
[BlackElo "2084"]

1.d4 Nf6 2.c4 g6 3.Nc3 Bg7 4.e4 d6 5.Nf3 O-O 6.Be2 e5 7.Be3 Ng4 8.Bg5 f6
9.Bh4 Nc6 10.d5 Ne7 11.Nd2 Nh6 12.f3 f5 13.Bf2 f4 14.c5 g5 15.cxd6 cxd6 16.Nc4 Ng6
17.Nb5 Nh4 18.Rg1 Bd7 19.Nbxd6 b5 20.Nb7 Qe8 21.Nca5 Qh5 22.Nc5 Be8 23.d6 Bf7
24.Nc6 Bf6 25.Nd7  1-0

[Event "FSIMA August"]
[Site "Budapest HUN"]
[Date "2007.08.10"]
[Round "5"]
[White "Turzo,A"]
[Black "Lang,T"]
[Result "1-0"]
[WhiteElo "2338"]
[BlackElo "2374"]

1.e4 c6 2.c4 g6 3.d4 Bg7 4.Nc3 d6 5.Be2 Nf6 6.Nf3 O-O 7.O-O e5 8.d5 Na6 9.Bg5 c5
10.Ne1 h6 11.Bxf6 Qxf6 12.Bg4 Nc7 13.Nd3 Rb8 14.b4 b5 15.Nxb5 Nxb5 16.cxb5 c4
17.Ne1 Qf4 18.Bxc8 Rfxc8 19.Qe2 h5 20.Nc2 Bh6 21.a4 Qd2 22.Qxd2 Bxd2 23.f3 h4
24.Kf2 Kg7 25.Ke2 Bf4 26.h3 f5 27.Ne3 Kf6 28.Rfc1 c3 29.Ra3 Bxe3 30.Kxe3 Rc4
31.Raxc3 Rxb4 32.Rc4 Rb3+ 33.R1c3 Rb2 34.Rc2 Rb3+ 35.R4c3 Rb4 36.Rc6 Rxa4
37.Rxd6+ Kg5 38.Rcc6 Ra3+ 39.Kf2 Rxb5 40.Rxg6+ Kf4 41.Rc2 Rb6 42.d6 fxe4
43.Rg4+ Kf5 44.fxe4+ Kf6 45.Rd2 Rb8 46.Rxh4 Rd8 47.Rh6+ Kg7 48.Re6 Ra5 49.h4 Kf7
50.Re7+ Kf6 51.Rh7 Ra4 52.Kf3 a5 53.Rh6+ Kg7 54.Re6 Rd4 55.Rxd4 exd4 56.Re7+ Kf8
57.e5 Ra8 58.h5  1-0

[Event "Open"]
[Site "Dubna RUS"]
[Date "2007.08.10"]
[Round "11"]
[White "Konovalov,N"]
[Black "Orlinkov,M"]
[Result "1/2-1/2"]
[WhiteElo "2431"]
[BlackElo "2388"]

1.d4 g6 2.c4 Bg7 3.Nc3 d6 4.Nf3 Nf6 5.e4 O-O 6.Be2 e5 7.dxe5 dxe5 8.Qxd8 Rxd8
9.Nd5 Nxd5 10.cxd5 c6 11.Bc4  1/2-1/2